|
|
|
|
| LEADER |
01660nam a2200445 a 4500 |
| 001 |
EBC3386337 |
| 003 |
MiAaPQ |
| 005 |
20200520144314.0 |
| 006 |
m o d | |
| 007 |
cr cn||||||||| |
| 008 |
010410s2001 enkad sb 001 0 eng d |
| 010 |
|
|
|z 2001002157
|
| 020 |
|
|
|z 0745314066 (hardback)
|
| 020 |
|
|
|z 0745314015 (pbk.)
|
| 020 |
|
|
|z 9780745314068
|
| 020 |
|
|
|a 9781849640350 (electronic bk.)
|
| 035 |
|
|
|a (MiAaPQ)EBC3386337
|
| 035 |
|
|
|a (Au-PeEL)EBL3386337
|
| 035 |
|
|
|a (CaPaEBR)ebr10479868
|
| 035 |
|
|
|a (CaONFJC)MIL987787
|
| 035 |
|
|
|a (OCoLC)654853199
|
| 040 |
|
|
|a MiAaPQ
|c MiAaPQ
|d MiAaPQ
|
| 050 |
|
4 |
|a HE7631
|b .W535 2001
|
| 082 |
0 |
4 |
|a 384/.041
|2 21
|
| 100 |
1 |
|
|a Wilkin, Peter.
|
| 245 |
1 |
4 |
|a The political economy of global communication
|h [electronic resource] :
|b an introduction /
|c Peter Wilkin.
|
| 260 |
|
|
|a London ;
|a Sterling, Va. :
|b Pluto Press,
|c c2001.
|
| 300 |
|
|
|a vi, 163 p. :
|b ill.
|
| 490 |
1 |
|
|a Human security in the global economy
|
| 504 |
|
|
|a Includes bibliographical references and index.
|
| 533 |
|
|
|a Electronic reproduction. Ann Arbor, MI : ProQuest, 2015. Available via World Wide Web. Access may be limited to ProQuest affiliated libraries.
|
| 650 |
|
0 |
|a Telecommunication
|x Mergers.
|
| 650 |
|
0 |
|a Mass media
|x Mergers.
|
| 650 |
|
0 |
|a Consolidation and merger of corporations.
|
| 650 |
|
0 |
|a Globalization
|x Economic aspects.
|
| 650 |
|
0 |
|a Telecommunication
|x Political aspects.
|
| 655 |
|
4 |
|a Electronic books.
|
| 710 |
2 |
|
|a ProQuest (Firm)
|
| 830 |
|
0 |
|a Human security in the global economy.
|
| 856 |
4 |
0 |
|u https://ebookcentral.proquest.com/lib/matrademy/detail.action?docID=3386337
|z Click to View
|